Symbols in physics - Statistics

General Stats
  • This quiz has been taken 28 times
  • The average score is 6 of 16
Answer Stats
Letter Section Represents % Correct
c relativity speed of light
96%
V electromagnetism voltage
88%
q electromagnetism charge
80%
i electromagnetism electric current
64%
p kinematics momentum
60%
p thermodynamics pressure
52%
U kinematics potential energy
44%
H thermodynamics enthalpy
28%
k gas laws Boltzmann constant
24%
J kinematics impulse
24%
ψ wave behaviour wave function
24%
ξ electromagnetism emf
12%
n wave behaviour refractive index
12%
j kinematics jerk
8%
quantum physics azimuthal number
4%
X electromagnetism reactance
0%
No matching quizzes found
Score Distribution
Percent of People with Each Score
Percentile by Number Answered
Your Score History
You have not taken this quiz